Vista normal Vista MARC

Psicología Forense Raíces Psicológicas del Delito (Registro nro. 1471)

Detalles MARC
000 -Cabecera (24)
Campo de control interno 01457nam a22002777a 4500
001 - Número de control
Campo de control UTEA
005 - Fecha y hora de la
Campo de control 20240613163445.0
006 - Campos de control - información adicional
Campos de control g||||gr||||||01 nz
007 - Tipo material - Descripcion fisica - info general
Tipo material ta
008 - Códigos de longitud fija (40p)
Campo de control de longitud fija 170608b pe||||| |||| 00| 0 esp d
040 ## - Origen de la Catalogacion
Centro catalogador/agencia de origen UTEA
041 ## - Código de idioma (R)
Código de lengua del texto/banda sonora o título independiente (R) Es
044 ## - COUNTRY OF PUBLISHING/PRODUCING ENTITY CODE
MARC country code PE
082 ## - Número de la Clasificación
Número de la Clasificación 364.3
Notación Interna H48 1996
100 ## - Autor Personal
Autor Personal Hidalgo Jimenez, Humberto J.
Término indicativo de función (R) Autor
245 ## - Titulo
Titulo Psicología Forense Raíces Psicológicas del Delito
Mención del autor Humberto J. Hidalgo Jimenez
Medio físico [Texto Impreso]
250 ## - Mencion de edicion
Mencion de edicion 2da edición
260 ## - Editorial
Ciudad Lima - Perú
Nombre de la Editorial Editorial San Marcos
Fecha 1996
300 ## - Descripcion
Páginas 218 páginas.
Dimensiones 15.5 x 21 cm.
Otros detalles físicos 02 Ej. Abancay, 01 Ej. Andahuaylas
505 ## - Nota de contenido formateada
Nota de contenido formateada Índice del Libro] Introducción a la psicología forense -- Conducta delictiva -- Raíces psicológicas del delito -- Pericia psicológica -- Criterio psicológico de imputabilidad e inimputabilidad -- Victimología -- Psicología criminalística y simulación y disimulación -- Casos ilustrativos de peritajes psicológicos.
520 ## - Resumen
Resumen Esta obra constituye un valioso soporte y una fuente consulta obligada para todo aquellos profesionales ligadas ala administración de justicia. por que las permite explicaras ,evaluar y juzgar con mayor o mejor elemento de juicio y equidad la conducta delictiva en que incurre una persona.
650 #0 - Temas - Descriptores
Temas - Descriptores PSICOLOGÍA FORENSE
9 (RLIN) 56497
650 #0 - Temas - Descriptores
Temas - Descriptores CONDUCTA DELICTIVA
9 (RLIN) 7370
653 ## - Palabras Claves
Palabras Claves DERECHO
-- FORENSE
-- DELITOS
942 ## - Datos personalizados Koha
Esquema de Clasificacion Dewey Decimal Classification
Tipo de Documento Libros
Catalogador Eber Gonzales Pariona
Fecha procesamiento 2024-06-13
Existencias
Estado de retiro Estado de pérdida Fuente de Clasificacion Estado No para préstamo Escuela Profesional/ Mención de Maestría Localización permanente Ubicación/localización actual Ubicación en estantería Fecha de adquisición Fuente de adquisición Número de inventario Precio dolares Signatura topográfica completa Código de barras Precio válido a partir de Tipo de ítem Koha Número de Ejemplar
    Dewey Decimal Classification     E.P. Derecho Biblio. Andahuaylas UTEA Biblio. Andahuaylas UTEA     Compra     364.3 H48 1996 BAND17100798   Libros  
    Dewey Decimal Classification     E.P. Derecho Biblioteca Abancay UTEA Biblioteca Abancay UTEA Área de Letras y Humanidades (primer Piso) 09/15/1999 Compra 35140387 2017-06-08 345.02 H48 1996 BABA17060188 06/08/2017 Libros  
    Dewey Decimal Classification     E.P. Derecho Biblioteca Abancay UTEA Biblioteca Abancay UTEA Área de Letras y Humanidades (primer Piso) 09/15/1999 Compra 35140798 2017-06-08 345.02 H48 1996 BABA17060189 06/08/2017 Libros ej.2